Estatísticas para Cidades com Mais Bilionários

Clique aqui para jogar o quiz

Estatísticas Gerais

  • Esse quiz foi jogado 3 235 vezes
    (2 279 desde o último reset)
  • A pontuação média é 12 de 23

Estatísticas das Respostas

#Cidade% Correto
145Nova Iorque
93%
28São Paulo
89%
66Londres
86%
20Paris
86%
65Los Angeles
80%
35Tóquio
80%
94Pequim
77%
82Moscou
73%
57Miami
53%
24Chicago
52%
42Seul
51%
85Shanghai
50%
115São Francisco
46%
71Hong Kong
43%
34Singapura
39%
25Boston
33%
49Bombaim
30%
29Dallas
30%
123Guangzhou / Shenzhen
22%
20Estocolmo
20%
28Bangkok
19%
27Taipé
17%
50Hancheu
4%

Distribuição das Pontuações

Percentil de Números Respondidos

Porcentagem de Pessoas com Cada Pontuação

Sua Pontuação Histórica

Você não jogou esse quiz desde o último reset